000 01723nam a22002777a 4500
003 NALT
005 20251125232949.0
008 s2544 th thaeng
040 _aNALT
041 _athaeng
090 _aKF53.5
_bร914ค 2544
110 0 _aกระทรวงแรงงานและสวัสดิการสังคม
245 1 0 _aคำแปลและตัวบทอนุสัญญาขององค์การแรงงานระหว่างประเทศ ซึ่งประเทศไทยได้ให้สัตยาบัน (ระหว่าง พ.ศ. 2511 - พ.ศ. 2544) /
_cกระทรวงแรงงานและสวัสดิการสังคม.
260 _aกรุงเทพฯ :
_bสำนักงานปลัดกระทรวงแรงงานและสวัสดิการสังคม,
_c2544
300 _a93 หน้า ;
_b30 ซม.
610 _aกระทรวงแรงงานและสวัสดิการสังคม
650 0 4 _aILO -- Conventions
650 0 4 _aLabour -- Conventions
650 0 4 _aองค์การแรงงานระหว่างประเทศ -- อนุสัญญา
650 0 4 _aแรงงาน -- อนุสัญญา
650 0 4 _aแรงงาน -- อนุสัญญาองค์การแรงงานระหว่างประเทศ -- อนุสัญญาLabour -- ConventionsILO -- Conventions
850 _aNALT
856 4 0 _uhttps://hdl.handle.net/20.500.14156/301195
942 _cLB
_2lcc
999 _c44710
_d44710
998 _j109
_k อารีรัตน์ วิชาช่าง